| 000 | 00687nam a2200253Ia 4500 | ||
|---|---|---|---|
| 003 | OSt | ||
| 005 | 20220918164650.0 | ||
| 006 | a|||||r|||| 00| 0 | ||
| 007 | ta | ||
| 008 | 220917b |||||||| |||| 00| 0 eng d | ||
| 020 | _a0710020279 | ||
| 024 | _a45,716 | ||
| 037 | _cTextual | ||
| 040 |
_aARTS _cARTS _beng |
||
| 041 |
_2eng _aeng |
||
| 082 | _aO111:g, H6;K4 | ||
| 100 |
_aRichard I A _919971 |
||
| 245 | 0 |
_aPractical criticism _b a study of literary judgment |
|
| 260 |
_aLondon _bRoutledge and Kegan Paul UK _c1946 |
||
| 300 |
_a370p. _ccm. |
||
| 650 | _aENGLISH LITERATURE | ||
| 942 |
_hO111:g, H6;K4 _cTEXL _2CC |
||
| 999 |
_c125851 _d125851 |
||